Understanding JCT standard building contracts. (Record no. 102717)
[ view plain ]
| 000 -LEADER | |
|---|---|
| fixed length control field | 01414cam a2200313 4500 |
| 008 - FIXED-LENGTH DATA ELEMENTS--GENERAL INFORMATION | |
| fixed length control field | 000000n2003 000 0 eng u |
| 020 ## - INTERNATIONAL STANDARD BOOK NUMBER | |
| International Standard Book Number | 0415306310 |
| 035 ## - SYSTEM CONTROL NUMBER | |
| System control number | (Sirsi) u121699 |
| 050 ## - LIBRARY OF CONGRESS CALL NUMBER | |
| Classification number | 692.8 |
| -- | 18 |
| 100 ## - MAIN ENTRY--PERSONAL NAME | |
| Personal name | Chappell, David |
| 245 ## - TITLE STATEMENT | |
| Title | Understanding JCT standard building contracts. |
| 250 ## - EDITION STATEMENT | |
| Edition statement | 7th ed. |
| 260 ## - PUBLICATION, DISTRIBUTION, ETC. | |
| Place of publication, distribution, etc. | London |
| Name of publisher, distributor, etc. | E & F N Spon |
| Date of publication, distribution, etc. | 2003 |
| 300 ## - PHYSICAL DESCRIPTION | |
| Extent | 147p. |
| Dimensions | 24cm |
| 350 ## - PRICE (NR) (BK AM CF MU VM SE) [OBSOLETE] | |
| Price | 18.99 |
| 520 ## - SUMMARY, ETC. | |
| Summary, etc. | Provides an expanded presentation of the Joint Contracts Tribunal standard contracts. The JCT Contract With Contractor's Design (WDC98) is now covered along with the other three major forms of contract in the JCT series: JCT98, IFC 98 and MW 98. An accessible reference tool, the text is arranged by topic. |
| 520 ## - SUMMARY, ETC. | |
| Summary, etc. | Superseded by eighth edition (L137549). |
| 520 ## - SUMMARY, ETC. | |
| Summary, etc. | Supersedes previous edition (ISBN 0415231078) |
| 650 ## - SUBJECT ADDED ENTRY--TOPICAL TERM | |
| Topical term or geographic name entry element | JCT STANDARD FORM OF BUILDING CONTRACT WITH CONTRACTORS DESIGN (1998 EDITION) |
| 650 ## - SUBJECT ADDED ENTRY--TOPICAL TERM | |
| Topical term or geographic name entry element | DISPUTE RESOLUTION |
| 9 (RLIN) | 6236 |
| 650 ## - SUBJECT ADDED ENTRY--TOPICAL TERM | |
| Topical term or geographic name entry element | BUILT ENVIRONMENT-BUILDING CONTRACT FORMS |
| 650 ## - SUBJECT ADDED ENTRY--TOPICAL TERM | |
| Topical term or geographic name entry element | CLAIMS |
| 650 ## - SUBJECT ADDED ENTRY--TOPICAL TERM | |
| Topical term or geographic name entry element | JCT INTERMEDIATE FORM OF BUILDING CONTRACT FOR WORKS OF SIMPLE CONTENT (1998 EDITION) |
| 650 ## - SUBJECT ADDED ENTRY--TOPICAL TERM | |
| Topical term or geographic name entry element | Insurance |
| 9 (RLIN) | 6249 |
| 650 ## - SUBJECT ADDED ENTRY--TOPICAL TERM | |
| Topical term or geographic name entry element | JCT STANDARD FORM OF BUILDING CONTRACT (1998 EDITION) |
| 650 ## - SUBJECT ADDED ENTRY--TOPICAL TERM | |
| Topical term or geographic name entry element | JCT AGREEMENT FOR MINOR BUILDING WORKS (1998 EDITION) |
| 690 ## - LOCAL SUBJECT ADDED ENTRY--TOPICAL TERM (OCLC, RLIN) | |
| Topical term or geographic name as entry element | BUILT ENVIRONMENT-BUILDING CONTRACT FORMS |
| 942 ## - ADDED ENTRY ELEMENTS (KOHA) | |
| Suppress in OPAC | 0 |
| Withdrawn status | Lost status | Damaged status | Not for loan | Home library | Current library | Shelving location | Date acquired | Cost, normal purchase price | Total Checkouts | Full call number | Barcode | Date last seen | Date last checked out | Copy number | Cost, replacement price | Price effective from | Koha item type | Source of classification or shelving scheme |
|---|---|---|---|---|---|---|---|---|---|---|---|---|---|---|---|---|---|---|
| Missing | London | London | Missing | 02/04/2003 | 15.08 | 45 | SHELF 328 | 30068467 | 06/08/2019 | 20/03/2007 | 2 | 15.08 | 06/08/2019 | Book | ||||
| London | London | Basement | 02/04/2003 | 15.08 | 51 | SHELF 328 | 30068471 | 06/08/2019 | 20/03/2008 | 3 | 15.08 | 06/08/2019 | Book | Dewey Decimal Classification |